|
|
|
|
| LEADER |
01673nam a22004452a 4500 |
| 001 |
000124144 |
| 003 |
CZ BrMZK |
| 005 |
20080806135924.0 |
| 007 |
ta |
| 008 |
950101s1986 xr f 001 0 cze d |
| 015 |
|
|
|a cnb000019111
|
| 020 |
|
|
|q (Brož.) :
|c Kčs 12,00
|
| 035 |
|
|
|a (OCoLC)81656784
|
| 040 |
|
|
|a ABA001
|b cze
|d BOA001
|
| 041 |
1 |
|
|a cze
|h lat
|
| 080 |
9 |
|
|a 241
|
| 080 |
9 |
|
|a 929
|
| 080 |
9 |
|
|a 871-991
|
| 080 |
9 |
|
|a 17.02
|
| 100 |
1 |
|
|a Erasmus Rotterdamský, Desiderius,
|d asi 1466-1536
|7 jn19981000990
|4 aut
|
| 245 |
1 |
0 |
|a Chvála bláznivosti ;
|b list Martinu Dorpiovi /
|c Erasmus Rotterdamský ; z latiny přeložili Rudolf Mertlík a Josef Hejnic ; doslov J. Hejnic
|
| 250 |
|
|
|a 2. vyd. (v MF 1. vyd.)
|
| 260 |
|
|
|a Praha :
|b Mladá fronta,
|c 1986
|
| 300 |
|
|
|a 149 s. ;
|c 18 cm
|
| 490 |
1 |
|
|a Prameny ;
|v sv. 59
|
| 490 |
1 |
|
|a ABC marxismu-leninismu
|
| 500 |
|
|
|a 8000 výt.
|
| 504 |
|
|
|a Obsahuje bibliografii a rejstřík
|
| 600 |
1 |
7 |
|a Erasmus Rotterdamský, Desiderius,
|d ca 1466-1536
|7 jn19981000990
|2 czenas
|
| 740 |
0 |
2 |
|a List Martinu Dorpiovi
|
| 765 |
0 |
|
|t Opera Desiderii Erasmi Roterodami
|9 Česky
|
| 700 |
1 |
|
|a Mertlík, Rudolf,
|d 1913-1985
|7 jk01081315
|4 trl
|
| 700 |
1 |
|
|a Kučera, Václav,
|d 1944-
|7 jk01070591
|4 art
|
| 700 |
1 |
|
|a Hejnic, Josef,
|d 1924-2019
|7 jk01040581
|4 trl
|4 wfw
|
| 830 |
|
0 |
|a Prameny (Mladá fronta)
|0 s
|
| 830 |
|
0 |
|a ABC marxismu-leninismu
|0 s
|
| 856 |
4 |
1 |
|u http://www.digitalniknihovna.cz/mzk/uuid/uuid:e9d11490-9bac-11e2-9a9f-005056827e51
|y Digitalizovaný dokument
|x NDK
|
| 910 |
|
|
|a BOA001
|b 2-0911.827
|
| 990 |
|
|
|a BK
|
| 996 |
6 |
|
|b 2619974531
|c 2-0911.827
|l MZK
|r Sklad / do 1 hodiny
|n 60
|w 000124144
|u 000010
|a 1
|e BOA001
|j MZK50
|s P
|